LEADER 00492naa a2200133 i 4500 001 000000306215 003 CaOOAMICUS 005 20180831172852.0 008 180831n it u000 u ita u 013 $a14621 040 $aSeMil$bita 245 10$aToni musicali. - Allegato senza sequenza di paginazione. 773 0 $tMistero della Pasqua del Signore.$z978-88-8025-983-0$g[allegato 2] p.[1]-[4]$w()178042 996 $6245$aToni musicali. - Allegato senza sequenza di paginazione.$9(OLS)http://semarc/title/381582 LEADER 00540naa a2200133 i 4500 001 000000306214 003 CaOOAMICUS 005 20180831172852.0 008 180831n it u000 u ita u 013 $a14620 040 $aSeMil$bita 245 13$aLa Liturgia vigiliare vespertina. - Allegato con sequenza di paginazione autonoma. 773 0 $tMistero della Pasqua del Signore.$z978-88-8025-983-0$g[allegato 1] p.1-6$w()178042 996 $6245$aLa Liturgia vigiliare vespertina. - Allegato con sequenza di paginazione autonoma.$9(OLS)http://semarc/title/381581